Central Library OPAC University of Rajshahi

Educational psychology / (Record no. 49814)

MARC details
000 -LEADER
fixed length control field 00762cam a2200277 4500
001 - CONTROL NUMBER
control field 49814
003 - CONTROL NUMBER IDENTIFIER
rucl marc code BD-RjUL
005 - DATE AND TIME OF LATEST TRANSACTION
control field 20211209054731.0
008 - FIXED-LENGTH DATA ELEMENTS--GENERAL INFORMATION
fixed length control field 160822s1948 nyua 000 0 eng
035 ## - SYSTEM CONTROL NUMBER
System control number BD-RjUL49934
System control number (BD-RjUL)
System control number (NNC)1522704
040 ## - CATALOGING SOURCE
Original cataloging agency DLC
Transcribing agency WSU
Modifying agency OCL
Language of cataloging eng
041 ## - LANGUAGE CODE
Language code of text/sound track or separate title eng
082 ## - DEWEY DECIMAL CLASSIFICATION NUMBER
Classification number 370.15
Author mark and year PEE 1948
100 1# - MAIN ENTRY--PERSONAL NAME
Personal name Peterson, Harvey A.
9 (RLIN) 149318
245 10 - TITLE STATEMENT
Title Educational psychology /
Statement of responsibility, etc. Harvey A. Peterson
260 ## - PUBLICATION, DISTRIBUTION, ETC. (IMPRINT)
Place of publication, distribution, etc. New York :
Name of publisher, distributor, etc. Harcourt, Brace,
Date of publication, distribution, etc. 1948
300 ## - PHYSICAL DESCRIPTION
Pagination 550 p. :
Illustrations ill. ;
Size 24 cm.
650 #0 - SUBJECT ADDED ENTRY--TOPICAL TERM
Topical term or geographic name as entry element Educational psychology.
9 (RLIN) 149319
700 ## - ADDED ENTRY--PERSONAL NAME
Personal name Marzolf, Stanley S.
Personal name Bayley, Nancy
942 ## - ADDED ENTRY ELEMENTS (KOHA)
Source of classification or shelving scheme Dewey Decimal Classification
Koha item type Books
Holdings
Lost status Source of classification or shelving scheme Damaged status Not for loan Collection code Permanent Location Current Location Shelving location Date acquired Source of acquisition Cost, normal purchase price Total Checkouts Full call number Date last seen Copy number Koha item type
  Dewey Decimal Classification     Non-fiction Central Library, University of Rajshahi Central Library, University of Rajshahi   21/09/1965 Zeetlinger 50.00   370.15 PEE 1948 22/08/2016 C-2 Books
  Dewey Decimal Classification   Not For Loan Non-fiction Central Library, University of Rajshahi Central Library, University of Rajshahi Reading Room 21/09/1965 Zeetlinger 50.00   370.15 PEE 1948 05/01/2017 C-1 Books